[Event "Bundesliga 9900"]
[Site "Germany"]
[Date "2000.03.13"]
[Round "13.3"]
[White "Ziegler, Ari"]
[Black "Pelletier, Yannick"]
[Result "1/2-1/2"]
[WhiteElo "2370"]
[BlackElo "2475"]
[Annotator "Tsesarsky,I"]
[PlyCount "147"]
[EventDate "1999.10.09"]
[EventType "team-tourn"]
[EventRounds "15"]
[EventCountry "GER"]
[SourceTitle "CBM 076"]
[Source "ChessBase"]
[SourceDate "2000.05.31"]
[SourceVersion "1"]
[SourceVersionDate "2000.05.31"]
[SourceQuality "1"]
[WhiteTeam "Wattenscheid"]
[BlackTeam "Werder Bremen"]
[WhiteTeamCountry "GER"]
[BlackTeamCountry "GER"]

1. d4 d5 2. c4 c6 3. Nf3 Nf6 4. e3 e6 5. Nbd2 c5 $6 {Tempo losing can't be
recommended.} (5... Nbd7 $132 {Theory}) 6. b3 Nc6 (6... cxd4 7. exd4 Be7 8. Bb2
b6 9. Rc1 dxc4 10. bxc4 O-O 11. Bd3 Bb7 12. O-O Nc6 13. Qe2 Rc8 14. Rfd1 Qd6
15. Nf1 Rfd8 16. Ng3 $14 {1-0 Chiburdanidze,M-Beshukov,S/Perm 1997/CBM 58/ (22)
}) (6... dxc4 7. Bxc4 cxd4 8. Nxd4 Bd6 9. Bb2 O-O 10. O-O Bd7 11. Be2 Nc6 12.
Nc4 Bc5 13. Bf3 Rc8 14. Nb5 Be7 15. Nbd6 $14) (6... Nbd7 7. Bb2 b6 8. cxd5 exd5
9. Bd3 Bb7 10. O-O Bd6 11. dxc5 Bxc5 12. Nd4 $14) 7. Bb2 cxd4 (7... Bd6 8. Rc1
(8. Bd3 O-O 9. O-O cxd4 (9... Qe7 10. dxc5 Bxc5 11. Bxf6 Qxf6 12. cxd5 exd5 13.
Bxh7+ $18 {Beilin,Mikhail Abramovich-Khasin,Abram/URS-ch sf Moscow ;MCD 1949/
1-0 (65)}) 10. exd4 $14) 8... cxd4 9. exd4 Qe7 10. Ne5 Ba3 11. Bxa3 Qxa3 12.
cxd5 exd5 13. Nxc6 bxc6 14. Bd3 Bg4 15. Qc2 Qe7+ 16. Kf1 O-O 17. h3 Bd7 18. g3
Rae8 19. Kg2 g6 20. Nf3 $14 {1/2-1/2 Kan,Ilia Abramovich-Levenfish,Grigory/
Moscow (11) ;HCL 1935 (39)}) (7... Be7 8. Bd3 (8. dxc5 Bxc5 9. a3 a5 10. Bd3
O-O 11. O-O b6 12. Qc2 h6 13. cxd5 exd5 14. Bb5 Na7 15. Be2 $14 {1-0 Vera,
Reynaldo-Muir,Andrew J/Yerevan ol (Men) (3) ;EXT 97 1996 (28)}) 8... O-O 9. O-O
b6 10. Rc1 (10. Qe2 Bb7 11. Rfd1 Qc7 12. Rac1 Rad8 13. dxc5 bxc5 14. Bxf6 Bxf6
15. cxd5 exd5 16. Rxc5 $16 {Smyslov,Vassily-Shabalov,Alexander/Tilburg (1) ;
CBM 39 1993/1-0 (77)}) 10... Bb7 11. Qe2 Rc8 12. Rfd1 Rc7 13. Bb1 Rd7 14. Ne5
Nxe5 15. dxe5 Ne4 16. Nf1 f5 17. exf6 Nxf6 18. Ng3 $14 {0-1 Eslon,Jaan-Ek,Hans/
SWE-ch (5) ;MCD 1972 (37)}) 8. exd4 (8. Nxd4 $6 {White must avoid of pieces
change in position like this.} Nxd4 $1 (8... Bd6 $6 9. cxd5 exd5 (9... Nxd5 10.
Nxc6 bxc6 11. Bxg7 $18) (9... Nxd4 10. Bxd4 e5 11. Bb2 Nxd5 12. a3 Nb6 13. Bb5+
Bd7 14. Ne4 $14) 10. Rc1 $5 $14 {1/2-1/2 Brenke,Andreas-Mueller,Karsten/
Lippstadt (1) ;CBM 72 1999 (33)} (10. Be2 O-O 11. O-O Nxd4 12. Bxd4 Ne4 13. Bb2
$14)) 9. Bxd4 (9. exd4 $132) 9... Be7 (9... dxc4 10. Bxc4 Be7 11. O-O O-O 12.
Be2 b6 13. Bf3 Nd5 14. Qe2 Bb7 15. Rfd1 $14 {1-0 Savon,Vladimir A-Popov,Roman/
Krasnodar op (6) ;EXT 2000 1996 (33)}) 10. Bd3 O-O 11. O-O dxc4 12. Nxc4 b5 13.
Ne5 Bb7 14. Qe2 Qd5 15. f4 a6 16. Rac1 Rac8 $11) 8... dxc4 (8... Ne4 9. Bd3 (9.
c5 Be7 10. Bb5 (10. Bd3 Nxd2 11. Qxd2 O-O 12. O-O $14 {[%csl Rc8][%cal Gb3b4]})
10... Qa5 11. Bxc6+ bxc6 12. O-O Nxd2 13. Nxd2 O-O 14. Re1 Qb5 $11 {Stahlberg,
Gideon-Bogoljubow,Efim/Zuerich ;HCL 1934/1/2-1/2 (62)}) (9. a3 Be7 10. Bd3 f5
11. O-O a5 12. Rc1 O-O 13. Ne5 Nxe5 14. dxe5 Nxd2 15. Qxd2 b6 16. Rfd1 dxc4 17.
Rxc4 Bb7 18. Qc2 Bd5 19. Rd4 Bc5 20. Bxf5 Rxf5 21. Rxd5 Bxf2+ 22. Kh1 Qh4 23.
Qd3 Raf8 (23... Qxh2+ 24. Kxh2 Rh5+ 25. Qh3 Rxh3+ 26. Kxh3 exd5 27. Rxd5 Re8
$11) 24. Rd8 $11 {Galliamova,Alisa-Tregubov,Pavel V/RUS-Cup9 Novgorod (2) ;CBM
60 1997/1/2-1/2 (44)}) 9... Bb4 10. O-O Nxd2 11. Nxd2 dxc4 12. Nxc4 O-O 13. Be4
Ne7 14. Qd3 Ng6 15. Rfd1 Rb8 16. d5 exd5 17. Qd4 f6 18. Ne3 Qa5 19. Qxd5+ Qxd5
20. Nxd5 $14 {Karpov,Anatoly-Kaidanov,Grigory S/Tilburg rapid20 rapid (4) ;CBM
39 1993/1/2-1/2 (48)}) (8... Bd6 9. Bd3 O-O 10. O-O b6 11. Qe2 Bb7 12. Rad1 Rc8
13. Ne5 Bb8 14. Qe3 Qe7 15. f4 Nxe5 16. dxe5 Ng4 17. Qh3 f5 18. exf6 Nxf6 19.
Rde1 $16 {1-0 Hoi,Carsten-Jensen,Vagn/DEN-ch Aarhus (2) ;EXT 2000 1976 (28)}) (
8... b6 9. Bd3 Be7 10. O-O O-O 11. Rc1 Ba6 12. Re1 Na5 13. Ne5 Rc8 14. Qf3 $14
{Hebden,Mark-Eslon,Jaan/Oviedo rapid rapid (7) ;CBM 38 ext 1993/1-0 (50)}) (
8... Be7 9. Rc1 O-O 10. Bd3 Bd7 11. O-O Nh5 $6 12. Re1 Nf4 13. Bb1 Bd6 14. g3
Ng6 15. Ne5 Rc8 16. Nxd7 Qxd7 17. Nf3 Bb4 18. Re3 Rfd8 19. h4 Nge7 20. a3 Ba5
21. b4 Bc7 22. c5 $14 {Kasparov,Gary-Comp Deep Blue (6)/Philadelphia m ;CBM 50
ext 1996/1-0 (43)}) 9. bxc4 Be7 10. Be2 (10. Bd3 $6 O-O (10... Nxd4 $1 11. Nxd4
e5 12. Qa4+ (12. Nb5 a6 13. Qf3 axb5 14. cxb5 O-O $11) 12... Bd7 13. Nb5 a6 14.
Qb3 axb5 15. cxb5 O-O 16. O-O Be6 $11 {1/2-1/2 Pachman,Ludek-Botvinnik,Mikhail/
Munich olm fin-A (5) ;EXT 99 1958 (29)}) 11. O-O b6 12. Re1 Bb7 13. Rc1 Rc8 14.
Bb1 Re8 15. a3 a6 16. Qc2 g6 17. Qd3 Na5 18. Ne5 $14 {1/2-1/2 Benitah,
Yohan-Fressinet,Laurent/FRA-ch U20 ;EXT 2000 1999 (28)}) 10... O-O 11. O-O b6 {
In positions with pawn structure like this if White will put RR on c1and d1 -
White will receive advantge because of strong PP on c4 and d4 with virtual
promotion one of P} 12. Rc1 Bb7 13. Qb3 Rc8 14. Rfd1 $14 {The task is
fulfilled!} Qd6 15. c5 $1 {[%cal Gd2c4]} (15. Nf1 Rfd8 16. Ne3 (16. Ng3 Na5 17.
Qe3 Ng4 18. Qd3 Ba6 $17) (16. h3 Na5 17. Qe3 Qb4 18. Bc3 Qa3 19. N1d2 Bxf3 20.
Qxf3 Nc6 21. d5 exd5 22. Bxf6 Qxf3 23. Bxf3 Bxf6 24. cxd5 Nd4 25. Rxc8 Rxc8 $11
) 16... Nh5 $1 $132) 15... Qc7 16. Ba3 Na5 {Black try to blockade White
central PP} (16... Nd5 17. Nc4 Nf4 18. Bf1 $14) 17. Qa4 (17. Qb1 $5) 17... Bc6
18. Bb5 Qd7 19. Bxc6 Qxc6 20. Qc2 ({Not bad was} 20. Qxc6 Nxc6 (20... Rxc6 21.
Ne5 Rc7 22. Rb1 bxc5 23. Rb5 Nb7 24. Rdb1 Nd6 (24... Rb8 25. dxc5 $14 {[%csl
Yc5,Rb7][%cal Gb1b8]}) 25. Rxc5 Rfc8 26. Rxc7 Rxc7 27. Rb8+ Nde8 28. Bxe7 Rxe7
29. Nb3 $14) 21. Nc4 $14) 20... Nb7 21. Ne5 Qd5 22. Ndc4 Rfd8 (22... b5 23. Ne3
(23. c6 Bxa3 24. Nxa3 Nd6 25. Nb1 $14) 23... Qd8 24. Bb2 $14) 23. Rd3 {Rook
placed on active position} (23. c6 Bxa3 24. Nxa3 Nd6 25. Nac4 (25. c7 Re8 26.
Qa4 Qxa2 27. Ra1 Qd5 28. Qxa7 Re7 29. Rdc1 Nfe8 $17 {[%csl Rc7,Rd4]}) 25...
Nxc4 26. Qxc4 Rc7 $132) 23... Nd7 (23... b5 24. Ne3 Qe4 25. Bb2 Nd7 26. Nxd7
Rxd7 27. Rb3 Qc6 28. Ng4 (28. d5 $2 exd5 29. Nf5 Bxc5 $1 {[%cal Gc5f2]} 30. Qe2
(30. Bxg7 Bxf2+ $1 $19) (30. Nxg7 Bxf2+ $1 $19) 30... Qe6 31. Qg4 g6 $17) 28...
Bd6 (28... Rdc7 29. Ne5 Qe8 30. Rh3 $40) 29. Qd2 $14 {[%cal Gb3h3]}) 24. Ne3 ({
Prematurely was} 24. c6 $6 Bxa3 (24... Nxe5 25. Nxe5 (25. dxe5 Qxd3 26. Qxd3
Rxd3 27. cxb7 Rcd8 28. Ne3 $5 (28. Bd6 Bxd6 29. Nxd6 Rd5 30. f4 Rc5 31. Rxc5
bxc5 32. Kf2 (32. Nc8 Rd1+ 33. Kf2 Rb1) 32... Kf8 33. Ke3 Rb8 34. Kd3 Ke7 35.
Kc4 Kd7 36. Kxc5 Kc7 $17) 28... Bc5 (28... Bxa3 29. Rc8 $18) 29. Bxc5 bxc5 30.
Rxc5 Rd1+ 31. Nf1 Rb1 32. Rc8 Rf8 33. Rc7 g5 $17) 25... Bg5 26. Re1 Nd6 $15)
25. Rxa3 Nxe5 26. Nxe5 Nd6 $132) 24... Qe4 25. f3 $6 $11 (25. Nxd7 $5 {It was
right to take on d7 at this moment!} Rxd7 26. c6 Nd8 (26... Bxa3 27. Rxa3 $1
$18) 27. cxd7 Rxc2 28. Rxc2 Bg5 (28... Qxd3 29. Bxe7 $16) (28... Bxa3 29. Rxa3
Qb7 30. d5 exd5 31. Rd3 $16) 29. Rcd2 $132 Qb7 30. d5 e5 (30... Qxd7 31. dxe6
Qe8 32. e7 $18) 31. Rc2 Qxd7 32. d6 $14) 25... Qf4 26. g3 Qf6 27. N3g4 Qf5 28.
Ne3 Qf6 29. Nxd7 $5 {White don't satisfied by draw.} (29. N3g4 $11) 29... Rxd7
30. c6 (30. Ng4 Qg5 31. Ne5 Rxd4 32. Rxd4 Qe3+ 33. Qf2 Qxa3 34. Rc2 Bxc5 $15)
30... Nd8 $2 $16 (30... Bxa3 $1 31. Rxa3 (31. cxb7 Rxc2 32. b8=Q+ Rd8 33. Qxd8+
Qxd8 34. Rxc2 Be7 $15) 31... Rdd8 (31... Nd8 32. cxd7 Rxc2 33. Nxc2 a5 34. Rc3
$14) 32. Rxa7 Qxd4 33. Qf2 Nd6 34. a4 $11) 31. Bxe7 (31. cxd7 $6 Rxc2 32. Nxc2
$14) 31... Rxe7 32. d5 $1 {[%csl Rd8] White central PP became very dangerous}
Rec7 (32... Qxf3 33. Nc4 Qh5 34. d6 $18 {Maybe Black missed this variation?})
33. Qd1 $1 Kf8 {Black try to prepare e6xd5} (33... Qh6 34. dxe6 Nxe6 35. Nd5
$18 {[%cal Gd5e7,Ge7c6]}) 34. Rc2 h5 {Black pieces haven't good moves} 35. f4
$2 $14 (35. Rcd2 $1 {[%cal Gd5e6]} g5 (35... h4 36. dxe6 Nxe6 (36... Nxc6 37.
Nd5 Qxe6 38. Re2 Qd6 39. Nxc7 Qxc7 40. Rd7 $18) 37. Nd5 $18) 36. dxe6 Nxc6 37.
Nd5 Qxe6 38. Nxc7 Rxc7 39. Rd7 $16) 35... g6 36. f5 $5 {Interesting pawn
sacrifice} (36. Rcd2 Kg7 37. dxe6 Qxe6 $1 $11 {[%csl Rd8,Re3][%cal Ge6e3]
White take on d8 without check.}) (36. dxe6 Rxc6 37. Nd5 Qxe6 38. Nxb6 $11)
36... exf5 {[%csl Yc6,Yd5] Now White center is not attacked.} (36... gxf5 37.
Qxh5 $16 {[%csl Rd8,Rf8]}) 37. Re2 b5 $6 $16 (37... h4 $5 38. Nc4 hxg3 39. hxg3
Re7 40. Rde3 Rxe3 41. Rxe3 $14) 38. Qb3 a6 (38... h4 39. Qxb5 hxg3 40. hxg3 $16
) 39. Qa3+ Kg7 40. Qxa6 Nb7 $5 {Black sacrificed 2 pawns and replace N from d8
to d6. Too expensive.} (40... Qe5 41. Re1 $16 {And now or later Black must to
take on c6 by N} (41. Qxb5 Nxc6 $1)) 41. Qxb5 Nd6 42. Qb2 Re7 43. Qxf6+ Kxf6
44. Kf1 (44. Kg2 Rce8 45. Kf3 g5 46. Rc2 Re4 47. c7 $16) (44. h4 $6 Re4 45. Kg2
f4 46. Rf2 Ke5 47. gxf4+ Rxf4 48. Rxf4 Kxf4 $16) 44... Rce8 45. Re1 Re4 46. Nc2
Ra8 47. a3 Ke5 48. Nb4 Nb5 49. Nc2 (49. Kf2 Kd6 (49... Nxa3 50. d6 $1 $18) 50.
Nc2 Rc4 51. Ne3 $16) 49... Kd6 {Black was luck to blockade strong PP par} (
49... Nd6 50. Nb4 $16) (49... Rxe1+ 50. Kxe1 Kd6 51. Kd2 $16) 50. Rb1 Nc7 (
50... Ra5 $5 {Keeping blockade trying and prevent White Rook penetration to b8.
} 51. Kf2 Rc4 52. Ne3 Re4 53. Rc1 $16 {[%cal Ge3c4] And White destroy blockade}
) 51. Ne3 Raa4 (51... f4 52. gxf4 Rxf4+ 53. Ke2 Rh4 54. h3 Re8 55. Kd2 $16) 52.
Rb8 Re8 53. Rxe8 Nxe8 54. Rb3 $1 {[%csl Rd6][%cal Gb3b8,Gb8d8] After R change
second one try to enter to b8.} Nc7 55. Rb8 f4 56. Rd8+ {Pawn blockade is
destroyed} Kc5 57. gxf4 Rxf4+ 58. Ke2 Rh4 59. Rd7 $2 $44 (59. d6 $1 {In any
case White win N, but it much stronger in this variation} Rxh2+ 60. Kd3 Kxc6
61. dxc7 (61. Nc4 Ne6 62. Rc8+ Kd7 $17) 61... Kxc7 62. Rf8 Rf2 63. a4 h4 (63...
Ra2 64. Rxf7+ $16) 64. Rh8 (64. a5 h3 65. Rh8 h2 66. Ng4 Ra2 $11) 64... g5 65.
Kc4 f5 66. Rh5 Rf4+ 67. Kb5 Rf3 68. Nc4 g4 69. Rh7+ $16) 59... Nxd5 60. c7 (60.
Nxd5 Kxc6 61. Nf6 Rxh2+ 62. Kd1 Ra2 $44) 60... Rxh2+ 61. Kd3 Nb6 62. Nd5 (62.
Rxf7 Kc6 63. Nc4 Rh3+ 64. Ke2 (64. Kc2 Rh2+ 65. Kb3 Rh3+ 66. Kc2 (66. Kb4 $2
Rh4 67. Rf6+ Kxc7 68. Rxb6 Rxc4+ 69. Kb5 Rg4 $17)) 64... Rh2+ (64... Nc8 65.
Kd2 g5 $132) 65. Kf3 Nc8 $11) 62... Rh3+ 63. Ke2 Rh2+ 64. Kf1 Rh1+ 65. Kg2 Rc1
66. Rd8 Kb5 67. Rb8 (67. Nxb6 Rxc7 68. Rb8 Kc5 69. a4 Ra7 $11) 67... Ka5 68.
Rxb6 Rxc7 69. Rb8 Rc5 70. Ra8+ Kb5 71. a4+ Kc6 72. Ne3 (72. Nf6 Rg5+ 73. Kh3
Rf5 74. Ng8 Rf4 $11) 72... Kb7 73. Rd8 Rc3 74. Kf2 {White remain with N over
but with drawn position} (74. Kf2 Ra3 $11) 1/2-1/2

[Event "Ordzhonikidze zt 1.9"]
[Site "Ordzhonikidze"]
[Date "2000.06.10"]
[Round "2"]
[White "Ovsejevitsch, Sergei"]
[Black "Kuzmin, Gennadi P"]
[Result "1-0"]
[WhiteElo "2525"]
[BlackElo "2465"]
[Annotator "Tsesarsky,I"]
[PlyCount "87"]
[EventDate "2000.06.09"]
[EventType "swiss"]
[EventRounds "9"]
[EventCountry "UKR"]
[SourceTitle "CBM 078"]
[Source "ChessBase"]
[SourceDate "2000.10.18"]
[SourceVersion "1"]
[SourceVersionDate "2000.10.18"]
[SourceQuality "1"]

1. d4 {Hecht} d5 2. c4 e6 3. Nf3 c5 4. cxd5 exd5 5. g3 Nc6 6. Bg2 c4 7. O-O Bb4
8. b3 cxb3 9. Qxb3 Nge7 10. Ne5 {Another continuations are:} (10. a3 $5 Ba5 11.
a4 Qb6 12. Qxb6 Bxb6 13. e3 Ba5 14. Ba3 Nb4 15. Rc1 Bf5 16. Nc3 Nc2 17. Nb5
Nxa1 18. Nd6+ Kd7 19. Rxa1 g6 20. Nxb7 $14 {1-0 San Segundo,Pablo-Garcia,
Nieves/ESP-ch Zamora (6) ;EXT 2000 1996 (35)}) (10. Bg5 $6 $132) (10. Ba3 $5
$14) (10. Bd2 $5 {-See comments to the game 1-0 Sakaev,K-Guseinov,A/Open Dubai
UAE 2000 (39) (Tsesarsky)}) 10... Qb6 $6 $16 (10... O-O $6 $16 11. Nxc6 Nxc6
12. e3 Be6 13. a3 Be7 14. Qxb7 Na5 15. Qa6 Rb8 16. Nd2 $16 {0-1 De Souza
Mendes,Joao-Stahlberg,Gideon/Mar del Plata (16) ;MCL 1946 (41)}) (10... Be6 {
Better is} 11. e3 {Now Bc1 will be developed only on diagonal c1-a3 or on d2.}
(11. a3 Bd6 12. Bb2 O-O $14) 11... Qb6 12. Nxc6 (12. Nd3 Bd6 13. Ba3 Qxb3 14.
axb3 Bxa3 15. Nxa3 b6 $14 {[%csl Rd5]}) 12... bxc6 13. Nc3 Bd6 14. Ba3 Qxb3 15.
axb3 Kd7 16. Na4 Rhb8 17. Bxd6 Kxd6 18. Nc5 Nc8 19. Rfc1 $14 {[%csl Ra7,Rb3,
Rc6] 1-0 Todorov,Ognjan-Girardot,P/Besancon op ;EXT 99 1998 (40)}) 11. Nd3 $1 (
11. e3 $5 Nxe5 12. dxe5 Be6 13. Bd2 $5 Bc5 (13... a5 14. Bc3 O-O 15. Bd4 a4 16.
Qb2 Qa5 17. a3 Bc5 18. Bxc5 Qxc5 19. Rc1 $16 {0-1 Ibragimov,Ildar-Rychagov,
Andrei/Moscow-ch (4) ;CBM 55 ext 1996 (29)}) 14. Nc3 d4 15. Qxb6 Bxb6 16. Nb5
Nc6 17. Bxc6+ bxc6 18. Nxd4 Bd5 19. Nf5 $14) 11... Bd6 (11... Bf5 12. Nxb4 Nxb4
13. Nc3 Rc8 14. Nxd5 Nexd5 15. Bxd5 Nxd5 16. Qxd5 Be6 17. Qe4 $16) 12. Qxb6
axb6 {[%csl Rb6,Rb7,Rd5] White has clear advantage because of lot of
weaknesses in the Black camp.} 13. Bf4 $1 Bxf4 {Black can't avoid BB change.}
14. Nxf4 Nxd4 15. Nc3 Ra3 (15... Bg4 16. Rfd1 Nc2 17. Rac1 Nb4 (17... d4 18.
Bxb7 Ra7 19. Nb5 Rxa2 20. Rd2 $18) 18. Nfxd5 Nexd5 19. Nxd5 Nxd5 20. Bxd5 $16)
16. Rac1 g5 17. Rfd1 $1 (17. e3 $2 gxf4 18. exd4 Be6 (18... fxg3 19. fxg3 Be6
20. Nxd5 $1 Nxd5 21. Bxd5 O-O $11 (21... Bxd5 22. Rc8+ Kd7 23. Rxh8 Rxa2 24.
Rf5 $16)) 19. Nxd5 Nxd5 20. Bxd5 Ke7 $11) (17. Nfxd5 Nxd5 {[%csl Re2]} 18. Bxd5
Rxc3 19. Rxc3 Nxe2+ 20. Kg2 Nxc3 21. Rc1 Ke7 22. Rxc3 Rd8 $15) 17... gxf4 18.
Rxd4 O-O (18... fxg3 {after} 19. hxg3 Be6 20. Nxd5 Nxd5 21. Bxd5 Ke7 22. Bxe6
Kxe6 23. Rc2 $16 {Rook ending is better for White: PP weaknesses in the Black
camp.} Rha8 (23... b5 24. Rb2 $1 (24. Rb4 $2 Rha8 25. Rxb5 Rxa2 26. Rxa2 Rxa2
27. Kf1 Ra7 28. Kg2 (28. Rh5 b6 29. Rxh7 b5 30. Rh4 Rb7 31. Rb4 Kd5 $44) 28...
Kd6 29. Kf3 Kc6 30. Rh5 b5 $44) 24... Rha8 25. Rxb5 Rxa2 26. Rb6+ Ke5 27. Rd7)
24. Rb4 R8a6 25. Rcb2 Rxa2 26. Rxb6+ $16) 19. Nxd5 Nxd5 20. Bxd5 fxg3 21. hxg3
Ra5 22. Rc7 Rc5 23. Re7 Kg7 24. Bb3 Kf6 25. Re3 {[%csl Rb6][%cal Gd4d6,Gd6b6]}
Kg7 (25... Kg5 26. Kg2 $16) 26. Rf4 Rc7 27. Re5 {[%csl Rb6][%cal Ge5b5,Gf4b4]
White rooks manoeuvres are very useful.} h6 (27... Rd8 28. Rg5+ Kf8 29. Rh5 Kg7
30. Rfh4 Rh8 (30... Rd2 31. Rxh7+ $18) 31. Rg5+ Kf6 32. Rb5 $16 {[%csl Rb6,Rf7]
[%cal Gh4f4]}) 28. Rb4 Bd7 (28... Rd8 29. Rxb6 Rd2 30. Kg2 $16) 29. Re7 (29.
Rxb6 Rc1+ 30. Kg2 Bc6+ 31. f3 $16) 29... Rc1+ 30. Kg2 Bc6+ 31. f3 Rc5 (31...
Kf6 32. Rxf7+ $1 Rxf7 33. Rf4+ $18) 32. Rg4+ (32. Rxb6 $18) 32... Rg5 33. Rf4 {
[%csl Rf7]} Bd5 $8 34. e4 Bxb3 35. axb3 {RR ending is hopeless for Black.} Rb5
36. e5 Rxb3 (36... Kg8 37. b4 Rd5 38. Rf6 $18) 37. e6 $1 Re3 38. Rexf7+ Rxf7
39. exf7 Kf8 40. Rf6 Re2+ (40... h5 41. Rxb6 Re7 42. Rh6 Kxf7 43. Rxh5 $18) 41.
Kh3 Re1 (41... b5 42. Rxh6 Kxf7 43. Rb6 $18 (43. Rb6 {Hecht} Rb2 44. f4 b4 45.
g4 b3 46. f5 Rb1 47. Kh4 (47. g5 Rh1+ 48. Kg4 Rg1+ 49. Kf4 Rf1+ 50. Ke5 Re1+
51. Kd4 Rd1+ 52. Kc3 Rc1+ 53. Kb2 Rc7 54. Kxb3 $18 {ist jedoch weniger klar})
47... b2 48. Kg5 Kg8 49. Rxb7 Kf8 50. Kf6 $18)) 42. Kg4 Rh1 43. Kf5 Rh3 $6 {
'?' Hecht.} (43... b5 $5 44. f4 $1 (44. Kg6 $2 Rc1 45. Kxh6 Rc6 46. Kg5 b4 (
46... Rxf6 47. Kxf6 b4 48. g4 b3 49. g5 b2 50. g6 b1=Q 51. g7#) 47. Rf4 Rb6 48.
Rc4 b3 49. Rc1 b2 50. Rb1 Kxf7 $11) (44. g4 {Hecht} Rc1 45. Rxh6 Rc5+ 46. Ke4
Kxf7 47. Rb6 Rc4+ 48. Ke3 $18) 44... Rh5+ (44... b4 45. Rb6 Kxf7 46. Rxb7+ Kg8
47. Rxb4 Ra1 48. Rb6 Kg7 49. Rb7+ Kg8 50. g4 Ra6 51. Re7 Rb6 (51... Kf8 52. Re6
Ra5+ 53. Kg6 Ra4 54. Rf6+ Ke7 55. Rf7+ Ke8 56. Rf5 $18) 52. Re6 Rb5+ 53. Kg6
$18) 45. Kg4 Rd5 46. Rxh6 Kxf7 47. Rb6 $18) (43... Rh5+ {Hecht} 44. Ke4 b5 45.
g4 Rc5 46. Rxh6 $18) 44. Ke6 (44. Ke6 {Hecht} Rxg3 45. Rxh6 Kg7 46. Rh4 Rxf3
47. Rg4+ Kh7 48. Rg8 $18) 1-0